|
|
|
|
| LEADER |
00000nam a22000007a 4500 |
| 005 |
20211222205920.0 |
| 007 |
cr|||| |||| |
| 008 |
211222s2018 es |||||s|||| 00||0 spa d |
| 020 |
|
|
|a 978-84-9123-973-4
|
| 035 |
|
|
|a 33662
|
| 040 |
|
|
|a vLex
|
| 090 |
|
|
|c 12768
|d 12768
|
| 100 |
1 |
|
|a Martn̕ Osante, Jos ̌Manuel
|
| 245 |
1 |
2 |
|a El seguro de responsabilidad civil empresarial
|h [Recurso electrn̤ico] /
|c Jos ̌Manuel Martn̕ Osante
|
| 256 |
|
|
|a Servicio en ln̕ea
|
| 260 |
|
|
|a Madrid:
|b Marcial Pons,
|c 2018
|
| 300 |
|
|
|a 1 recurso electrn̤ico
|
| 500 |
|
|
|a El progresivo e imparable agravamiento de la responsabilidad que se exige a las empresas y a sus directivos convierte al conocido como contrato de seguro de responsabilidad civil empresarial o de explotacin̤ de industrias en una herramienta imprescindible para la correcta gestin̤ de los riesgos empresariales. Este contrato es objeto de estudio, con detenimiento, en la presente obra, teniendo en cuenta, en particular, el contenido de las pl̤izas empleadas en la prc̀tica y la jurisprudencia ms̀ reciente del Tribunal Supremo. A pesar de que el seguro de responsabilidad civil empresarial constituye una modalidad especf̕ica del seguro de responsabilidad civil, lo cierto es que presenta unas caracters̕ticas propias y su aplicacin̤ prc̀tica plantea dudas que requieren de soluciones especf̕icas, adaptadas al marco jurd̕ico actual y a la compleja realidad empresarial, en permanente evolucin̤. En este sentido, la obra aporta interpretaciones actuales y contrastadas de las condiciones generales, especiales y particulares empleadas por las compaą̕s de seguros. Asimismo, se analizan las diferentes opciones de cobertura que se emplean en la prc̀tica, entre las que pueden destacarse la garanta̕ bs̀ica de responsabilidad civil de explotacin̤ y las garanta̕s adicionales de responsabilidad civil por accidentes de trabajo (tambiň denominada responsabilidad civil patronal) y de responsabilidad civil por productos defectuosos. Se trata, en definitiva, de una publicacin̤ rigurosa en el campo del Derecho de los seguros y que presenta un indudable interš para profesionales, acadm̌icos y otros estudiosos de la materia.
|
| 506 |
1 |
|
|a Disponible solo en los productos indicados
|d vLex Global
|d vLex Global (Academic Edition, excluding Law Schools)
|d vLex Global (U.S. Academic Edition, Law Schools)
|d vLex Global (U.S. Academic Edition, excluding Law Schools)
|d vLex Global (Academic Edition, Law Schools)
|
| 650 |
0 |
4 |
|a Derecho Civil
|z Espaą
|
| 650 |
0 |
4 |
|a Obligaciones y Contratos
|z Espaą
|
| 650 |
0 |
4 |
|a Derecho Mercantil y de la Empresa
|z Espaą
|
| 650 |
0 |
4 |
|a Contratos Mercantiles
|z Espaą
|
| 650 |
0 |
4 |
|a Derecho Laboral y Seguridad Social
|z Espaą
|
| 650 |
0 |
4 |
|a Prevencin̤ de Riesgos Laborales
|z Espaą
|
| 650 |
0 |
4 |
|a Seguridad Social
|z Espaą
|
| 740 |
0 |
|
|a vLex Libros (Servicio en ln̕ea)
|
| 856 |
4 |
0 |
|u https://app.vlex.com/#/sources/33662
|z Acceso restringido
|
| 942 |
|
|
|c BOOK
|
| 999 |
0 |
|
|a Civil Law
|
| 999 |
0 |
|
|a Obligations and Contracts
|
| 999 |
0 |
|
|a Commercial and Company Law
|
| 999 |
0 |
|
|a Commercial Contracts
|
| 999 |
0 |
|
|a Labor Law and Social Security
|
| 999 |
0 |
|
|a Prevention of Occupational Risks
|
| 999 |
0 |
|
|a Social Security
|